000 nam a22 7a 4500
999 _c128010
_d128010
008 180620b xxu||||| |||| 00| 0 eng d
020 _a075010371
050 _aLB1590.3.F548 A990
100 _aFisher, Robert
_941749
245 _aTeaching children to think
260 _aBritain:
_bBasil Blackwell Ltd.;
_c1990.
300 _axiii:272p.;
_c23cm.
650 _aCritical thinking in children
_xStudy and teaching(elementary)
_941750
650 _aThought and thinking
_xStudy and teaching(elementary)
_941751
650 _aLarning, psychology of
_941752
942 _2lcc
_cMONOGRAPH